[Event "Druga liga Srbije - Vojvodina 2008"]
[Site "Sombor"]
[Date "2008.10.01"]
[Round "1"]
[White "Lekic, Dusan"]
[Black "Radlovacki, Jovan"]
[Result "1/2-1/2"]
[WhiteElo "2394"]
[BlackElo "2390"]
[PlyCount "35"]
[EventDate "2008.??.??"]
[Source "Perpetual Check"]

1. d4 c6 2. c4 d6 3. Nc3 Nf6 4. e4 e5 5. Nf3 Bg4 6. Be2 Bxf3 7. Bxf3 Nbd7 8.
Be3 a6 9. d5 cxd5 10. Nxd5 Nxd5 11. Qxd5 Qc7 12. O-O Be7 13. Rac1 O-O 14. Rfd1
Rfd8 15. b3 g6 16. Qd2 a5 17. Qc2 h5 18. Rd5 1/2-1/2

[Event "Druga liga Srbije - Vojvodina 2008"]
[Site "Sombor"]
[Date "2008.10.01"]
[Round "1"]
[White "Andrijevic, Milan"]
[Black "Stojanovic, Zoran"]
[Result "1-0"]
[WhiteElo "2367"]
[BlackElo "2251"]
[PlyCount "106"]
[EventDate "2008.??.??"]
[Source "Perpetual Check"]

1. e4 c6 2. d4 d5 3. exd5 cxd5 4. c4 Nf6 5. Nc3 e6 6. Nf3 Nc6 7. Bd3 Be7 8. O-O
O-O 9. a3 dxc4 10. Bxc4 a6 11. Ba2 b5 12. Bg5 Bb7 13. Bb1 Na5 14. Ne5 Nc4 15.
Qc2 g6 16. Rd1 Rc8 17. Qe2 Nd5 18. Bh6 Nxe5 19. Bxf8 Bxf8 20. dxe5 Nxc3 21.
bxc3 Qg5 22. g3 Rxc3 23. Bd3 Bxa3 24. h4 Qe7 25. Be4 Bc5 26. Rd3 Rc4 27. Bxb7
Qxb7 28. Qf3 Qxf3 29. Rxf3 Re4 30. Rxa6 Rxe5 31. Rc6 Be7 32. Rc7 Kf8 33. Rd3
Rd5 34. Rxd5 exd5 35. Rd7 b4 36. Rxd5 Bf6 37. Rb5 Bc3 38. g4 Kg7 39. Rb6 h6 40.
Kg2 Bd2 41. Kf3 Bc3 42. h5 gxh5 43. gxh5 Be1 44. Ke3 Bc3 45. Ke4 Bd2 46. f4 Bc3
47. f5 Bd2 48. f6+ Kh7 49. Kf5 Bc3 50. Rb7 Kg8 51. Rb8+ Kh7 52. Rf8 b3 53.
Rxf7+ Kg8 1-0

[Event "Druga liga Srbije - Vojvodina 2008"]
[Site "Sombor"]
[Date "2008.10.01"]
[Round "1"]
[White "Mijatovic, Dejan"]
[Black "Kostic, Vladimir V"]
[Result "1/2-1/2"]
[WhiteElo "2278"]
[BlackElo "2289"]
[PlyCount "141"]
[EventDate "2008.??.??"]
[Source "Perpetual Check"]

1. d4 f5 2. e4 fxe4 3. Nc3 Nf6 4. Bg5 Nc6 5. f3 e5 6. d5 Nd4 7. Nxe4 Be7 8.
Nxf6+ Bxf6 9. Bxf6 Qxf6 10. c3 Nf5 11. Qd2 Qh4+ 12. Qf2 O-O 13. Qxh4 Nxh4 14.
Ne2 d6 15. Ng3 Nf5 16. O-O-O Nxg3 17. hxg3 Bf5 18. Bd3 Rae8 19. Rhe1 h5 20. Be4
g6 21. Re3 Kg7 22. Kd2 Re7 23. Ke2 Ref7 24. Rh1 Rh8 25. c4 a5 26. b3 b6 27. a3
Bd7 28. Rc3 Bf5 29. Re3 Bd7 30. Rc1 Rd8 31. Rec3 Bf5 32. Re3 Rff8 33. Rh1 Rde8
34. Rc1 Kf6 35. b4 axb4 36. axb4 Ra8 37. c5 Ra2+ 38. Kf1 bxc5 39. bxc5 Rb8 40.
Re2 Rxe2 41. Kxe2 Rb2+ 42. Kf1 Bxe4 43. fxe4 Rb4 44. cxd6 cxd6 45. Re1 Kg5 46.
Re3 Kg4 47. Kf2 Rb2+ 48. Kg1 g5 49. Kh2 Rb1 50. Rf3 Re1 51. Rf6 Rxe4 52. Rxd6
Rd4 53. Rd8 Rd3 54. d6 Rxg3 55. Re8 Rd3 56. Rxe5 Rxd6 57. Re8 Rd1 58. Ra8 h4
59. Ra4+ Kh5 60. Ra5 Rf1 61. Rb5 Re1 62. Ra5 Kg6 63. Ra6+ Kf5 64. Ra5+ Kf4 65.
Ra4+ Re4 66. Rxe4+ Kxe4 67. g3 h3 68. Kxh3 Kf3 69. g4 Kf4 70. Kh2 Kxg4 71. Kg2
1/2-1/2

[Event "Druga liga Srbije - Vojvodina 2008"]
[Site "Sombor"]
[Date "2008.10.01"]
[Round "1"]
[White "Kostic, Branimir"]
[Black "Bokan, Danko"]
[Result "1-0"]
[WhiteElo "2289"]
[BlackElo "2323"]
[PlyCount "115"]
[EventDate "2008.??.??"]
[Source "Perpetual Check"]

1. d4 Nf6 2. c4 g6 3. Nc3 Bg7 4. e4 d6 5. f3 O-O 6. Be3 e5 7. d5 c6 8. Qd2 cxd5
9. cxd5 Ne8 10. O-O-O f5 11. Kb1 a6 12. Bd3 b5 13. Rc1 Nd7 14. Nce2 Ndf6 15. h3
f4 16. Bf2 Nh5 17. Rc2 Bd7 18. Nc1 Bf6 19. Nge2 a5 20. b4 a4 21. Nc3 Rb8 22.
N1e2 Bh4 23. Qe1 Bxf2 24. Qxf2 Qb6 25. Qxb6 Rxb6 26. Kb2 Kf7 27. Rhc1 Ke7 28.
Nb1 Kd8 29. Na3 Rb7 30. Rc6 Bxc6 31. dxc6 Rb6 32. Nxb5 Rf7 33. Ka3 Nhf6 34.
Kxa4 d5 35. exd5 Nxd5 36. Bc4 Rxc6 37. Bxd5 Rxc1 38. Nxc1 Rd7 39. Nc3 Nc7 40.
Bc4 Rd2 41. N1e2 Ne8 42. Kb3 Nd6 43. a4 Nf5 44. b5 Ne3 45. a5 Kc7 46. Kb4 Nxg2
47. Kc5 Ne3 48. b6+ Kb8 49. a6 Nxc4 50. Kxc4 e4 51. Nd4 Rb2 52. Nc6+ Kc8 53.
b7+ Rxb7 54. axb7+ Kxb7 55. Nd8+ Kc8 56. Nxe4 Kxd8 57. Kd5 Ke7 58. Ke5 1-0

[Event "Druga liga Srbije - Vojvodina 2008"]
[Site "Sombor"]
[Date "2008.10.01"]
[Round "1"]
[White "Jovic, Stevan"]
[Black "Orlov, Konstantin"]
[Result "1/2-1/2"]
[WhiteElo "2238"]
[BlackElo "2247"]
[PlyCount "67"]
[EventDate "2008.??.??"]
[Source "Perpetual Check"]

1. d4 Nf6 2. c4 e6 3. Nc3 d5 4. Nf3 Be7 5. Bf4 O-O 6. e3 c6 7. Bd3 Nbd7 8. h3
dxc4 9. Bxc4 b5 10. Bd3 b4 11. Ne4 Qa5 12. O-O c5 13. Ne5 Nxe5 14. Nxf6+ Bxf6
15. dxe5 Be7 16. Qc2 g6 17. a3 Qb6 18. a4 Ba6 19. b3 Bxd3 20. Qxd3 Rfd8 21. Qc4
Rd5 22. Rac1 Rad8 23. Rc2 Rd3 24. Rb1 Qb7 25. Rcc1 Qd5 26. e4 Qxc4 27. Rxc4
Rd1+ 28. Rxd1 Rxd1+ 29. Kh2 Rd3 30. Be3 Rxb3 31. Bxc5 Bxc5 32. Rxc5 Rc3 33. Ra5
Rc7 34. Rb5 1/2-1/2

[Event "Druga liga Srbije - Vojvodina 2008"]
[Site "Sombor"]
[Date "2008.10.01"]
[Round "1"]
[White "Bodiroga, Predrag"]
[Black "Galyas, Miklos"]
[Result "0-1"]
[WhiteElo "2435"]
[BlackElo "2454"]
[PlyCount "112"]
[EventDate "2008.??.??"]
[Source "Perpetual Check"]

1. d4 Nf6 2. c4 g6 3. Nc3 Bg7 4. e4 d6 5. Nf3 O-O 6. h3 e5 7. d5 Na6 8. Bg5 h6
9. Be3 Nc5 10. Nd2 a5 11. g4 c6 12. Be2 Bd7 13. h4 a4 14. h5 Qa5 15. f3 a3 16.
Qb1 Qb4 17. Nd1 gxh5 18. g5 hxg5 19. Bxg5 Nh7 20. Be3 f5 21. bxa3 Qxa3 22. Rxh5
fxe4 23. Nxe4 Nxe4 24. fxe4 Nf6 25. Rh4 Qa5+ 26. Bd2 Qd8 27. Bg5 Qa5+ 28. Bd2
Qd8 29. Bg5 Qe8 30. Qc1 Qg6 31. Nf2 Nh7 32. Be3 Qg2 33. Rh5 Rf6 34. dxc6 bxc6
35. Kd2 Rxf2 36. Bxf2 Qxf2 37. Qc3 Bg4 38. Qe3 Qxe3+ 39. Kxe3 Bxh5 40. Bxh5
Ra3+ 41. Kd2 Nf6 42. Bg6 Ng4 43. Be8 Bh6+ 44. Ke2 Re3+ 45. Kf1 Rxe4 46. Bxc6
Ne3+ 47. Ke2 Rxc4 48. Bb5 Rc2+ 49. Kd3 d5 50. Rg1+ Kf7 51. a4 e4+ 52. Kd4 Rd2+
53. Ke5 Bg7+ 54. Kf4 Nc4 55. Bxc4 dxc4 56. Kxe4 c3 0-1

[Event "Druga liga Srbije - Vojvodina 2008"]
[Site "Sombor"]
[Date "2008.10.01"]
[Round "1"]
[White "Lalic, Dragan"]
[Black "Mijovic, Stefan"]
[Result "1/2-1/2"]
[WhiteElo "2367"]
[BlackElo "2287"]
[PlyCount "71"]
[EventDate "2008.??.??"]
[Source "Perpetual Check"]

1. Nf3 d5 2. c4 e6 3. g3 Nf6 4. Bg2 Be7 5. b3 O-O 6. O-O c5 7. e3 b6 8. Bb2 Bb7
9. Qe2 Nc6 10. Rd1 Qc7 11. Nc3 Rad8 12. Rac1 Qb8 13. d4 cxd4 14. exd4 Rfe8 15.
Ne5 Qa8 16. cxd5 Nxe5 17. dxe5 Nxd5 18. Nxd5 Bxd5 19. Bxd5 Rxd5 20. Rxd5 Qxd5
21. Qc4 Qxc4 22. Rxc4 Rd8 23. Rc7 Bc5 24. Rxa7 Rd1+ 25. Kg2 h6 26. Bc3 Rc1 27.
Bd2 Rc2 28. Ra8+ Kh7 29. Rd8 Rxa2 30. b4 Be7 31. Rd7 Kg6 32. Rxe7 Rxd2 33. Rb7
Rd5 34. Rxb6 Rxe5 35. Rc6 Re4 36. b5 1/2-1/2

[Event "Druga liga Srbije - Vojvodina 2008"]
[Site "Sombor"]
[Date "2008.10.01"]
[Round "1"]
[White "Levnajic, Pavle"]
[Black "Perisic, Radivoj"]
[Result "1/2-1/2"]
[WhiteElo "2240"]
[BlackElo "2318"]
[PlyCount "65"]
[EventDate "2008.??.??"]
[Source "Perpetual Check"]

1. e4 c5 2. Nf3 e6 3. d4 cxd4 4. Nxd4 a6 5. Nc3 Nc6 6. Be2 Qc7 7. O-O Nf6 8.
Be3 d6 9. f4 Be7 10. Kh1 O-O 11. a4 Nxd4 12. Bxd4 e5 13. Be3 exf4 14. Rxf4 Be6
15. Nd5 Bxd5 16. exd5 Nd7 17. Rc4 Qd8 18. Ra3 Bg5 19. Bg1 Re8 20. Rb3 b6 21.
Rc6 Bf4 22. Bg4 Nc5 23. Rh3 Be5 24. c3 a5 25. Bf5 g6 26. Bc2 Rb8 27. Qd2 Bg7
28. Re3 Be5 29. Rh3 Bg7 30. Re3 Be5 31. Rh3 Bg7 32. Re3 Be5 33. Rh3 1/2-1/2

[Event "Druga liga Srbije - Vojvodina 2008"]
[Site "Sombor"]
[Date "2008.10.01"]
[Round "1"]
[White "Vukic, Radivoj"]
[Black "Sevo, Dusan"]
[Result "1-0"]
[WhiteElo "2333"]
[BlackElo "2285"]
[PlyCount "108"]
[EventDate "2008.??.??"]
[Source "Perpetual Check"]

1. Nf3 g6 2. c4 Bg7 3. e4 d6 4. d4 Bg4 5. Be2 Nc6 6. Be3 Nf6 7. Nc3 O-O 8. O-O
e5 9. d5 Ne7 10. Nd2 Bxe2 11. Qxe2 Nd7 12. b4 f5 13. f3 Rf7 14. c5 Nf6 15. Nc4
Qd7 16. Bd2 Raf8 17. a4 fxe4 18. fxe4 Ng4 19. Rxf7 Rxf7 20. Rf1 Rxf1+ 21. Qxf1
Nc8 22. h3 Nf6 23. g4 Qe7 24. Qf2 Nd7 25. c6 bxc6 26. dxc6 Nf8 27. Nd5 Qd8 28.
Be3 Ne6 29. b5 Nd4 30. Kg2 h6 31. Na5 Ne6 32. Nb7 Qf8 33. Qxf8+ Kxf8 34. h4 Kf7
35. g5 h5 36. Kf3 Ke8 37. Ke2 Bf8 38. Kd3 Be7 39. Kc3 Bd8 40. Kb4 Nb6 41. a5
Nc8 42. Kc4 Be7 43. Nb4 Kf7 44. Nd5 Ke8 45. Kd3 Bd8 46. Nxd8 Kxd8 47. Kc4 Ke8
48. b6 axb6 49. axb6 cxb6 50. Nxb6 Nxb6+ 51. Bxb6 Nf4 52. Kb5 d5 53. Ka6 dxe4
54. c7 Nd5 1-0

[Event "Druga liga Srbije - Vojvodina 2008"]
[Site "Sombor"]
[Date "2008.10.01"]
[Round "1"]
[White "Jakovljev, Zoran"]
[Black "Strbac, Mladen"]
[Result "1-0"]
[WhiteElo "2233"]
[BlackElo "2300"]
[PlyCount "171"]
[EventDate "2008.??.??"]
[Source "Perpetual Check"]

1. e4 e6 2. d3 d5 3. Nd2 Nf6 4. Ngf3 Nc6 5. g3 dxe4 6. dxe4 e5 7. Bg2 Bc5 8.
O-O O-O 9. c3 a5 10. a4 b6 11. Qe2 Ba6 12. Nc4 Ne8 13. b3 Nd6 14. Rd1 Qe7 15.
Rd5 h6 16. Nh4 Qe6 17. Nf5 Nxc4 18. bxc4 Ne7 19. Rxc5 bxc5 20. Qg4 Ng6 21. h4
h5 22. Qxh5 Bc8 23. Bg5 Ra6 24. Rd1 Rb6 25. Rd5 Qe8 26. Rxc5 f6 27. Rxc7 Bxf5
28. exf5 Ne7 29. Qxe8 Rxe8 30. Be3 Rb1+ 31. Kh2 Nxf5 32. Be4 Nxe3 33. Bxb1 Nd1
34. Bg6 Ra8 35. Rd7 Nxc3 36. c5 Nxa4 37. c6 Nc5 38. Re7 Kf8 39. Rf7+ Kg8 40. c7
a4 41. Re7 Na6 42. Rd7 Nxc7 43. Rxc7 a3 44. Rc1 a2 45. Ra1 Kf8 46. f3 Ke7 47.
g4 Ra7 48. Kg3 Kd6 49. Bf5 Ra6 50. g5 fxg5 51. hxg5 Kc5 52. Bh7 Ra8 53. Kg4 Kd4
54. Be4 Ra5 55. Kf5 Ra6 56. g6 Rf6+ 57. Kg5 Ra6 58. Bb7 Ra7 59. Bc8 Ra3 60. Kg4
e4 61. fxe4 Kxe4 62. Be6 Ra6 63. Bf7 Rf6 64. Rxa2 Rf4+ 65. Kg3 Rf3+ 66. Kg2 Rf4
67. Ra7 Ke5 68. Kg3 Rf1 69. Be8 Rf8 70. Re7+ Kd6 71. Rxg7 Rxe8 72. Kg4 Re1 73.
Rf7 Rg1+ 74. Kh5 Rh1+ 75. Kg5 Ke6 76. Rf2 Ke7 77. g7 Rg1+ 78. Kh6 Rh1+ 79. Kg6
Rg1+ 80. Kh7 Rh1+ 81. Kg8 Ra1 82. Rf7+ Ke8 83. Rf6 Rh1 84. Re6+ Kd7 85. Kf7 Rh7
86. Rf6 1-0

[Event "Druga liga Srbije - Vojvodina 2008"]
[Site "Sombor"]
[Date "2008.10.01"]
[Round "1"]
[White "Bogosavljevic, Boban"]
[Black "Miljanic, Boro"]
[Result "1-0"]
[WhiteElo "2541"]
[BlackElo "2404"]
[PlyCount "50"]
[EventDate "2008.??.??"]
[Source "Perpetual Check"]

1. d4 Nf6 2. Bg5 d5 3. e3 c6 4. Nd2 Nbd7 5. f4 Qb6 6. Rb1 c5 7. Ngf3 h6 8. Bh4
Ng4 9. Qe2 e6 10. c3 Bd6 11. Ne5 Ngf6 12. Qf3 Qa5 13. Bd3 Qxa2 14. O-O Qa5 15.
Kh1 Qc7 16. Rbe1 c4 17. Bc2 O-O 18. g4 b5 19. g5 hxg5 20. Bxg5 Bb7 21. Rg1 Ne4
22. Nxd7 Qxd7 23. Nxe4 dxe4 24. Bf6 Rfd8 25. Rxg7+ Kf8 1-0

[Event "Druga liga Srbije - Vojvodina 2008"]
[Site "Sombor"]
[Date "2008.10.01"]
[Round "1"]
[White "Tomic, Bosko"]
[Black "Drazic, Sinisa"]
[Result "0-1"]
[WhiteElo "2405"]
[BlackElo "2528"]
[PlyCount "102"]
[EventDate "2008.??.??"]
[Source "Perpetual Check"]

1. e4 c6 2. d4 d5 3. Nc3 dxe4 4. Nxe4 Nf6 5. Nxf6+ exf6 6. Bc4 Qe7+ 7. Qe2 Be6
8. Bxe6 Qxe6 9. Bf4 Na6 10. Nf3 h5 11. Be3 Bd6 12. d5 cxd5 13. Nd4 Qg4 14. Qb5+
Qd7 15. O-O-O Nc7 16. Qxb7 O-O 17. Qc6 Rfd8 18. Qxd7 Rxd7 19. Nc6 a6 20. h3 Re8
21. Rhe1 Re4 22. Bb6 Rxe1 23. Rxe1 Ne6 24. Rd1 h4 25. Be3 Rc7 26. Nd4 Nf4 27.
Bxf4 Bxf4+ 28. Kb1 Re7 29. Nf5 Re2 30. Rf1 g5 31. Nd4 Re4 32. Nf3 Kg7 33. Re1
f5 34. c3 Kf6 35. Kc2 g4 36. hxg4 fxg4 37. Rxe4 dxe4 38. Nxh4 g3 39. f3 e3 40.
Kd3 Kg5 41. b4 Kxh4 42. a4 Kg5 43. c4 Kf5 44. a5 Ke6 45. b5 axb5 46. cxb5 Kd7
47. a6 Kc7 48. Ke2 Kb6 49. Kd3 Bg5 50. Ke2 f5 51. Kd3 f4 0-1

[Event "Druga liga Srbije - Vojvodina 2008"]
[Site "Sombor"]
[Date "2008.10.01"]
[Round "1"]
[White "Petkovic, Radosav"]
[Black "Vujadinovic, Goran"]
[Result "0-1"]
[WhiteElo "2313"]
[BlackElo "2363"]
[PlyCount "56"]
[EventDate "2008.??.??"]
[Source "Perpetual Check"]

1. e4 d6 2. d4 g6 3. Nc3 Bg7 4. g3 Nc6 5. d5 Ne5 6. h3 c6 7. Bg2 Qa5 8. Nge2
Nf6 9. O-O O-O 10. a4 a6 11. Ra2 cxd5 12. exd5 Nfd7 13. b3 Nc5 14. Bd2 f5 15.
Nb5 Qd8 16. Nbd4 a5 17. Be3 Kh8 18. Nc3 h6 19. Qd2 Kh7 20. f4 Ned7 21. Raa1 Nf6
22. Rae1 Bd7 23. Bf2 Rg8 24. Qe2 Bf8 25. Be3 Rc8 26. Ndb5 Qe8 27. Nd4 Qf7 28.
Kh2 Nh5 {dalje necitko} 0-1

[Event "Druga liga Srbije - Vojvodina 2008"]
[Site "Sombor"]
[Date "2008.10.01"]
[Round "1"]
[White "Stanojevic, Branko"]
[Black "Munizaba, Slobodan"]
[Result "0-1"]
[WhiteElo "2275"]
[BlackElo "2307"]
[PlyCount "75"]
[EventDate "2008.??.??"]
[Source "Perpetual Check"]

1. d4 c5 2. d5 e5 3. Nc3 d6 4. f4 exf4 5. Bxf4 g6 6. Qd3 a6 7. Nf3 Nf6 8. Nd2
Be7 9. e4 Nh5 10. Bh6 Nd7 11. Nf3 Bf6 12. g4 Bg7 13. Bxg7 Nxg7 14. Qe3 Qe7 15.
Qh6 f5 16. gxf5 Nxf5 17. Qg5 Qxg5 18. Nxg5 Nd4 19. Ne6 Nxc2+ 20. Kd2 Nxa1 21.
Nc7+ Kd8 22. Nxa8 Rf8 23. Be2 b5 24. Rxa1 Bb7 25. a4 b4 26. Nb5 axb5 27. axb5
Kc8 28. Bg4 Kb8 29. Bxd7 Bxa8 30. Ke3 Kc7 31. Ra7+ Bb7 32. Bc6 Rb8 33. e5 dxe5
34. Ke4 c4 35. Kxe5 Kb6 36. Ra1 Kc5 37. Rc1 Bxc6 38. bxc6 0-1

[Event "Druga liga Srbije - Vojvodina 2008"]
[Site "Sombor"]
[Date "2008.10.01"]
[Round "1"]
[White "Zivkovic, Negosim"]
[Black "Kolognat, Petar"]
[Result "1/2-1/2"]
[WhiteElo "2237"]
[BlackElo "2292"]
[PlyCount "25"]
[EventDate "2008.??.??"]
[Source "Perpetual Check"]

1. e4 e6 2. d4 d5 3. Nd2 dxe4 4. Nxe4 Nd7 5. Nf3 Ngf6 6. Nxf6+ Nxf6 7. Bg5 Be7
8. Bd3 c5 9. O-O cxd4 10. Bb5+ Bd7 11. Bxd7+ Qxd7 12. Qxd4 Qxd4 13. Nxd4
1/2-1/2

[Event "Druga liga Srbije - Vojvodina 2008"]
[Site "Sombor"]
[Date "2008.10.01"]
[Round "1"]
[White "Bogic, Stevan"]
[Black "Popov, Zoran"]
[Result "1-0"]
[WhiteElo "2259"]
[BlackElo "2075"]
[PlyCount "55"]
[EventDate "2008.??.??"]
[Source "Perpetual Check"]

1. d4 Nf6 2. c4 c5 3. d5 g6 4. Nc3 Bg7 5. e4 d6 6. f3 O-O 7. Bg5 h6 8. Be3 a6
9. Qd2 Kh7 10. Bd3 e6 11. a4 exd5 12. cxd5 Nbd7 13. b3 Qa5 14. Rc1 Ne5 15. Nge2
Nxd3+ 16. Qxd3 Bd7 17. Bf4 Ne8 18. O-O b5 19. axb5 axb5 20. Nd1 Qa3 21. Qc2 Rc8
22. Ne3 g5 23. e5+ Kg8 24. Ra1 Qb4 25. Bg3 dxe5 26. Be1 e4 27. Bxb4 cxb4 28.
Qxe4 1-0

[Event "Druga liga Srbije - Vojvodina 2008"]
[Site "Sombor"]
[Date "2008.10.01"]
[Round "1"]
[White "Roganovic, Milos"]
[Black "Saric, Sinisa"]
[Result "1-0"]
[WhiteElo "2458"]
[BlackElo "2414"]
[PlyCount "63"]
[EventDate "2008.??.??"]
[Source "Perpetual Check"]

1. e4 d5 2. exd5 Qxd5 3. Nc3 Qa5 4. Bc4 Nf6 5. d3 Bg4 6. f3 Bd7 7. f4 Bg4 8.
Nf3 Nc6 9. Be3 O-O-O 10. h3 Qh5 11. O-O e5 12. hxg4 Nxg4 13. Bf2 exf4 14. Ne4
Nce5 15. Ned2 Rd6 16. Bh4 Rh6 17. d4 Ne3 18. Qe1 Qg4 19. Rf2 Nxf3+ 20. Nxf3 f6
21. Re2 Nxc4 22. Re8+ Kd7 23. Rb8 Nd6 24. c4 Qh5 25. c5 Nc8 26. Qe4 Qf7 27.
Qxb7 Be7 28. c6+ Kd6 29. Rxc8 Bd8 30. Qb5 Rh5 31. Ne5 fxe5 32. Qc5+ 1-0

[Event "Druga liga Srbije - Vojvodina 2008"]
[Site "Sombor"]
[Date "2008.10.01"]
[Round "1"]
[White "Rogac, Srdjan"]
[Black "Balog, Imre"]
[Result "1/2-1/2"]
[WhiteElo "2303"]
[BlackElo "2423"]
[PlyCount "110"]
[EventDate "2008.??.??"]
[Source "Perpetual Check"]

1. e4 e6 2. d4 d5 3. e5 c5 4. c3 Nc6 5. Nf3 Bd7 6. Be2 Nge7 7. Na3 Nf5 8. Nc2
cxd4 9. cxd4 Qb6 10. O-O Rc8 11. g4 Nh6 12. h3 Na5 13. b3 Be7 14. Ne3 O-O 15.
Bb2 f5 16. g5 Nf7 17. h4 Bb5 18. Qd2 Bb4 19. Qd1 Qa6 20. Bxb5 Qxb5 21. Rb1 Rc7
22. Ng2 Rfc8 23. Nf4 Qd7 24. Nd3 Qe7 25. Nxb4 Qxb4 26. Qd3 Nc6 27. Rfc1 Qb6 28.
Qd2 Nb4 29. a3 Nc6 30. Bc3 Qa6 31. a4 b6 32. Ne1 Qb7 33. Nd3 Nfd8 34. Qe3 a5
35. Nf4 Ne7 36. h5 Rc6 37. g6 Qd7 38. Bd2 Rxc1+ 39. Rxc1 h6 40. Rxc8 Qxc8 41.
Qc3 Ndc6 42. Qd3 Kf8 43. Kg2 Qd7 44. Qb5 Nc8 45. Bc3 Ke8 46. Kf3 Kd8 47. Ke3
Kc7 48. b4 axb4 49. Bxb4 N6e7 50. Qa6 Qc6 51. Bxe7 Nxe7 52. Qb5 Qc1+ 53. Kf3
Qd1+ 54. Ke3 Qe1+ 55. Kf3 Qd1+ 1/2-1/2

[Event "Druga liga Srbije - Vojvodina 2008"]
[Site "Sombor"]
[Date "2008.10.01"]
[Round "1"]
[White "Novakovic, Dragan"]
[Black "Krejic, Igor"]
[Result "1/2-1/2"]
[WhiteElo "2291"]
[BlackElo "2273"]
[PlyCount "24"]
[EventDate "2008.??.??"]
[Source "Perpetual Check"]

1. d4 Nf6 2. Nf3 e6 3. g3 b6 4. Bg2 Bb7 5. O-O Be7 6. c4 O-O 7. Nc3 Ne4 8. Qd3
d5 9. cxd5 exd5 10. Ne5 f5 11. f3 Nd6 12. Qc2 c5 1/2-1/2

[Event "Druga liga Srbije - Vojvodina 2008"]
[Site "Sombor"]
[Date "2008.10.01"]
[Round "1"]
[White "Savanovic, Vuk"]
[Black "Tokovic, Svetozar"]
[Result "1/2-1/2"]
[WhiteElo "2225"]
[BlackElo "2254"]
[PlyCount "52"]
[EventDate "2008.??.??"]
[Source "Perpetual Check"]

1. e4 c5 2. Nf3 e6 3. d4 cxd4 4. Nxd4 a6 5. c4 Nc6 6. Nc3 Qc7 7. Be2 Nf6 8. O-O
Bb4 9. Nxc6 dxc6 10. Qc2 e5 11. Be3 Ng4 12. Bxg4 Bxg4 13. Na4 Be7 14. Bb6 Qc8
15. f3 Be6 16. Qc3 f6 17. Bc5 Bxc5+ 18. Nxc5 b6 19. Nxe6 Qxe6 20. c5 bxc5 21.
Qxc5 Kf7 22. Rfd1 Rhd8 23. Qb6 Rd7 24. Rac1 Raa7 25. Rxd7+ Rxd7 26. Qxa6 Rd2
1/2-1/2

[Event "Druga liga Srbije - Vojvodina 2008"]
[Site "Sombor"]
[Date "2008.10.01"]
[Round "1"]
[White "Ivanovic, Miroslav"]
[Black "Dimitrijevic, Nenad"]
[Result "1-0"]
[WhiteElo "2168"]
[BlackElo "2151"]
[PlyCount "77"]
[EventDate "2008.??.??"]
[Source "Perpetual Check"]

1. c4 e5 2. Nc3 Nf6 3. Nf3 d6 4. g3 Nbd7 5. Bg2 c6 6. O-O Be7 7. d4 a5 8. Nh4
exd4 9. Qxd4 Nc5 10. b3 O-O 11. Ba3 Qc7 12. Rad1 Re8 13. h3 Bf8 14. Qf4 Ne6 15.
Qd2 Nc5 16. Qc2 Be6 17. e4 Rad8 18. f4 Qb6 19. Kh1 Bc8 20. g4 h6 21. g5 Nh5 22.
Qf2 hxg5 23. fxg5 Qc7 24. g6 Nf6 25. Qf4 Qe7 26. Bxc5 dxc5 27. Rxd8 Rxd8 28.
gxf7+ Qxf7 29. e5 Rd4 30. Ne4 Qc7 31. Ng6 Bxh3 32. exf6 Bxg2+ 33. Kxg2 Qxf4 34.
Rxf4 gxf6 35. Nxf6+ Kg7 36. Rxd4 cxd4 37. Nxf8 Kxf6 38. Kf3 a4 39. Ke4 1-0

[Event "Druga liga Srbije - Vojvodina 2008"]
[Site "Sombor"]
[Date "2008.10.01"]
[Round "1"]
[White "Djacanin, Goran"]
[Black "Strangar, Zlatko"]
[Result "1/2-1/2"]
[WhiteElo "2244"]
[BlackElo "2174"]
[PlyCount "127"]
[EventDate "2008.??.??"]
[Source "Perpetual Check"]

1. e4 e6 2. d4 d5 3. e5 c5 4. c3 Nc6 5. a3 Qb6 6. Nf3 Bd7 7. b4 cxd4 8. cxd4
Rc8 9. Be2 Nge7 10. O-O Nf5 11. Bb2 Be7 12. Qd3 O-O 13. Nbd2 f6 14. Nb3 fxe5
15. dxe5 Be8 16. Rac1 Bh5 17. h3 Ng3 18. Nfd4 Bxe2 19. Qxg3 Bxf1 20. Nxe6 Qxf2+
21. Qxf2 Rxf2 22. Kxf2 Bc4 23. Nd2 b5 24. Nxc4 dxc4 25. Rd1 g5 26. Rd7 Kf7 27.
Rc7 Rxc7 28. Nxc7 a5 29. bxa5 Nxa5 30. Nxb5 Ke6 31. Ke3 Kd5 32. Bd4 Nb3 33.
Nc3+ Ke6 34. a4 Bd8 35. Ke4 Nd2+ 36. Ke3 Nb3 37. Ne4 Kd5 38. Bc3 Bb6+ 39. Kf3
Bd4 40. a5 Bxc3 41. Nxc3+ Kxe5 42. a6 Nd4+ 43. Ke3 Nc6 44. Nb5 Nb4 45. a7 Nd5+
46. Kf3 Nb6 47. Ke3 Na8 48. Nc3 Nb6 49. Na4 Na8 50. g3 h5 51. g4 hxg4 52. hxg4
Kd5 53. Nc3+ Kc6 54. Kd4 Kb6 55. Kxc4 Kxa7 56. Kd5 Kb7 57. Ne4 Kc7 58. Ke6 Kc6
59. Nxg5 Nc7+ 60. Kf7 Nb5 61. Ne4 Kd5 62. Ng3 Nd4 63. g5 Nf3 64. g6 1/2-1/2

[Event "Druga liga Srbije - Vojvodina 2008"]
[Site "Sombor"]
[Date "2008.10.01"]
[Round "1"]
[White "Galo, Dejan"]
[Black "Dragojlovic, Andjelko"]
[Result "0-1"]
[WhiteElo "2092"]
[BlackElo "2393"]
[PlyCount "92"]
[EventDate "2008.??.??"]
[Source "Perpetual Check"]

1. d4 Nf6 2. Nf3 g6 3. c4 Bg7 4. Nc3 d5 5. Bf4 O-O 6. e3 c5 7. Be2 cxd4 8. exd4
Nc6 9. O-O Bg4 10. c5 Ne4 11. Be3 b6 12. cxb6 Nxc3 13. bxc3 axb6 14. h3 Bxf3
15. Bxf3 Na5 16. Be2 Qc7 17. Qd2 Rfc8 18. Rfc1 Nc4 19. Bxc4 Qxc4 20. Rc2 Ra3
21. Rb1 Rc6 22. Rb4 Qa6 23. Rb3 e6 24. Rcb2 h5 25. Rxa3 Qxa3 26. Rb3 Qa5 27.
Qb2 Bf8 28. Bh6 Bd6 29. Bf4 Bf8 30. Bh6 Qa6 31. Bxf8 Kxf8 32. Rb4 Qd3 33. Rb3
Kg7 34. h4 Rc4 35. g3 b5 36. Ra3 b4 37. cxb4 Qd1+ 38. Kg2 Rc1 39. Qxc1 Qxc1 40.
Rb3 Qc2 41. b5 Qxa2 42. Rb4 Qa3 43. Rb1 Qd3 44. Rb4 Qd2 45. Rb3 Qc2 46. Rb4 Qc3
0-1